Ekonomik Rapor 2001 / (Record no. 200128619)

MARC details
000 -LEADER
fixed length control field 01041 a2200301 4500
001 - CONTROL NUMBER
control field 200128619
003 - CONTROL NUMBER IDENTIFIER
control field TR-AnTOB
005 - DATE AND TIME OF LATEST TRANSACTION
control field 20241011135221.0
008 - FIXED-LENGTH DATA ELEMENTS--GENERAL INFORMATION
fixed length control field 130403s2002 tu 000 0
040 ## - CATALOGING SOURCE
Original cataloging agency TR-AnTOB
Transcribing agency TR-AnTOB
041 ## - LANGUAGE CODE
Language code of text/sound track or separate title Türkçe
050 #0 - LIBRARY OF CONGRESS CALL NUMBER
Classification number HC491
Item number .E31 2002
090 ## - LOCALLY ASSIGNED LC-TYPE CALL NUMBER (OCLC); LOCAL CALL NUMBER (RLIN)
Classification number (OCLC) (R) ; Classification number, CALL (RLIN) (NR) HC491 .E31 2002
110 2# - MAIN ENTRY--CORPORATE NAME
Corporate name or jurisdiction name as entry element Türkiye Odalar ve Borsalar Birliği
9 (RLIN) 18
245 10 - TITLE STATEMENT
Title Ekonomik Rapor 2001 /
Statement of responsibility, etc. Türkiye Odalar ve Borsalar Birliği.
264 #1 - PRODUCTION, PUBLICATION, DISTRIBUTION, MANUFACTURE, AND COPYRIGHT NOTICE
Place of production, publication, distribution, manufacture Ankara:
Name of producer, publisher, distributor, manufacturer Türkiye Odalar ve Borsalar Birliği,
Date of production, publication, distribution, manufacture, or copyright notice 2002
300 ## - PHYSICAL DESCRIPTION
Extent 168 p.;
Dimensions 27 cm.
336 ## - CONTENT TYPE
Source rdacontent
Content type term text
Content type code txt
337 ## - MEDIA TYPE
Source rdamedia
Media type term unmediated
Media type code n
338 ## - CARRIER TYPE
Source rdacarrier
Carrier type term volume
Carrier type code nc
490 0# - SERIES STATEMENT
Series statement TOBB Yayınları ;
Volume/sequential designation 362
Series statement İM/BYM ;
Volume/sequential designation 9
650 #0 - SUBJECT ADDED ENTRY--TOPICAL TERM
Topical term or geographic name entry element Economic indicators
Geographic subdivision Turkey
Form subdivision Periodicals
9 (RLIN) 31191
Topical term or geographic name entry element Ekonomik göstergeler
Geographic subdivision Türkiye
Form subdivision İstatistikler
9 (RLIN) 86884
651 #0 - SUBJECT ADDED ENTRY--GEOGRAPHIC NAME
Geographic name Türkiye
General subdivision Ekonomik durum
Chronological subdivision Osmanlı İmparatorluğu
-- 16. yüzyıl
9 (RLIN) 6385
Geographic name Turkey
General subdivision Economic conditions
Chronological subdivision 1960-
9 (RLIN) 17
942 ## - ADDED ENTRY ELEMENTS (KOHA)
Koha item type Book
Source of classification or shelving scheme Library of Congress Classification
Holdings
Withdrawn status Lost status Source of classification or shelving scheme Not for loan Collection code Home library Current library Shelving location Date acquired Source of acquisition Cost, normal purchase price Serial Enumeration / chronology Inventory number Total Checkouts Total Holds Full call number Barcode Copy number Cost, replacement price Date shelved Koha item type
      Ödünç Verilebilir / Available Genel Koleksiyon Merkez Kütüphane Merkez Kütüphane Genel Koleksiyon / Main Collection 12/02/2013 Bağış / Donation 0.01 1 İKT     HC491 .E31 2002 0020447 1 0.01   Book
Devinim Yazılım Eğitim Danışmanlık tarafından Koha'nın orjinal sürümü uyarlanarak geliştirilip kurulmuştur.